000 00545cam a2200169 a 4500
001 000042151
005 20201002035954.0
008 000817s2006 pr 000 0 spa
020 _a9580493219
040 _aDO-SdBNP
_bspa
_cBNHPU
100 1 _aLópez Nieves, Luis,
_969146
245 1 3 _aLa verdadera muerte de Juan Ponce de León /
_cLuis López Nieves.
260 _a[Puerto Rico] :
_bNorma,
_c2006.
300 _a136 p. ;
_c22 cm.
500 _aIncluye datos biografícos en la solapa de la portada
586 _aPremio Nacional de Literatura
999 _c41640
_d41640